Winter and summer temperature periodicities in Budapest

Elmentve itt :
Bibliográfiai részletek
Szerzők: Péczely György
Makra László
Dokumentumtípus: Cikk
Megjelent: 1980
Sorozat:Acta climatologica 16-17
Kulcsszavak:Hőmérséklet, Időjárás, Éghajlattan
Tárgyszavak:
Online Access:http://acta.bibl.u-szeged.hu/16799
LEADER 00778nab a2200217 i 4500
001 acta16799
005 20220506154926.0
008 161015s1980 hu o 0|| eng d
022 |a 0563-0614 
040 |a SZTE Egyetemi Kiadványok Repozitórium  |b hun 
041 |a eng 
100 1 |a Péczely György 
245 1 0 |a Winter and summer temperature periodicities in Budapest  |h [elektronikus dokumentum] /  |c  Péczely György 
260 |c 1980 
300 |a 89-93 
490 0 |a Acta climatologica  |v 16-17 
650 4 |a Természettudományok 
650 4 |a Föld- és kapcsolódó környezettudományok 
695 |a Hőmérséklet, Időjárás, Éghajlattan 
700 0 1 |a Makra László  |e aut 
856 4 0 |u http://acta.bibl.u-szeged.hu/16799/1/climatologica_016_017_089-093.pdf  |z Dokumentum-elérés